000 00508nam a2200181Ia 4500
008 090123s9999 xx 000 0 und d
082 _b20293
_a891.463/सामंत
100 _aसामंत माया
245 _aबेंबद
250 _a1
260 _bरेणुका प्रकाशन
_c1990
300 _a148
600 _aसामंत माया
630 _aबेंबद
700 _aसामंत माया
730 _aबेंबद
942 _cBOOK
999 _c58365
_d58365